[Event "79th ch-ESP 2014"]
[Site "Linares ESP"]
[Date "2014.09.01"]
[Round "8.6"]
[White "Espinosa Aranda, Angel"]
[Black "Korneev, Oleg"]
[Result "1/2-1/2"]
[WhiteTitle "IM"]
[BlackTitle "GM"]
[WhiteElo "2385"]
[BlackElo "2590"]
[WhiteFideId "2278189"]
[BlackFideId "4156803"]
[EventDate "2014.08.25"]

1. e4 c5 2. Nf3 e6 3. d4 cxd4 4. Nxd4 a6 5. Nc3 b5 6. Be2 Bb7 7. O-O b4 8. Na4
Bxe4 9. Bf3 Nf6 10. Bg5 d5 11. Bxe4 dxe4 12. c3 Be7 13. cxb4 O-O 14. Re1 Bxb4
15. Bxf6 Qxf6 16. Rxe4 Rd8 17. Qf3 Qxf3 18. Nxf3 Bf8 19. Rc1 Nd7 20. Rec4 e5 21.
Rc7 f6 22. h3 e4 23. Nd2 Bd6 24. Rxd7 Rxd7 25. Nb6 Bf4 26. Nxd7 Rd8 27. g3 Bxd2
28. Rc7 e3 29. fxe3 Re8 30. Nc5 Bxe3+ 31. Kf1 a5 32. a3 Bd4 33. b4 Re3 34. b5
Bxc5 35. Rxc5 Rxa3 36. b6 Rb3 37. Rxa5 Rxb6 38. Kg2 Rb2+ 39. Kf3 Rb3+ 40. Kg2
Re3 41. Ra7 Kf8 42. h4 Re7 43. Ra5 Kf7 44. Kf3 Rd7 45. Rb5 Rd3+ 46. Kf4 Kg6 47.
Ra5 Rb3 48. Rc5 Rb4+ 49. Kf3 Rb3+ 50. Kf4 h5 51. Ra5 Kh6 52. Ra6 Rb1 53. Kf3
Rf1+ 54. Kg2 Rf5 55. Ra7 Rb5 56. Kf3 Rb3+ 57. Kg2 Kg6 58. Rc7 Ra3 59. Rb7 Ra6
60. Kf3 Rc6 61. Ra7 Rb6 62. Rc7 Ra6 63. Rb7 Ra3+ 64. Kg2 Ra2+ 65. Kf3 Ra6 66.
Rc7 f5 67. Rc3 Re6 68. Rb3 Re4 69. Rb6+ Kh7 70. Rb5 Kg6 71. Rb6+ Kf7 72. Rb7+
Kf6 73. Rb6+ Re6 74. Rb8 Ra6 75. Rf8+ Ke5 76. Re8+ Re6 77. Rh8 g6 78. Rd8 Rd6
79. Re8+ Kf6 80. Ra8 Rd3+ 81. Kf4 Rd4+ 82. Kf3 Rg4 83. Ra6+ Ke5 84. Ra5+ Ke6 85.
Ra6+ Ke7 86. Rb6 Kf7 87. Rb7+ Kf6 88. Rb6+ Kg7 89. Rb7+ Kh6 90. Rb6 Re4 91. Ra6
Kg7 92. Ra7+ Kf6 93. Ra6+ Re6 94. Ra8 Rb6 95. Kf4 Rb4+ 96. Kf3 f4 97. Ra6+ Kf5
98. Ra5+ Kf6 99. Ra6+ Kg7 100. gxf4 Rb3+ 101. Kg2 Kf7 102. Rc6 Re3 103. Ra6 Re6
104. Ra5 Kf6 105. Kf3 Rd6 106. Rg5 Rd3+ 107. Kg2 Rd2+ 108. Kg3 Rd1 109. Kg2 Re1
110. Ra5 Re2+ 1/2-1/2

[Event "79th ch-ESP 2014"]
[Site "Linares ESP"]
[Date "2014.09.01"]
[Round "8.7"]
[White "Espineira Gonzalez, Diego"]
[Black "Lopez Martinez, Josep Manuel"]
[Result "0-1"]
[WhiteTitle "IM"]
[BlackTitle "GM"]
[WhiteElo "2360"]
[BlackElo "2549"]
[WhiteFideId "2229498"]
[BlackFideId "2212943"]
[EventDate "2014.08.25"]

1. e4 c5 2. Nf3 e6 3. d4 cxd4 4. Nxd4 Nc6 5. Nb5 d6 6. c4 Nf6 7. N5c3 Be7 8. g3
h5 9. h3 h4 10. g4 Nd7 11. Be3 g5 12. Nb5 Nde5 13. N1c3 b6 14. Be2 Bb7 15. Qd2
a6 16. Nd4 O-O 17. Nxc6 Bxc6 18. f4 gxf4 19. Bxf4 b5 20. cxb5 axb5 21. b4 Ng6
22. Bh6 Qb6 23. Bxf8 Bxf8 24. a4 bxa4 25. b5 Bb7 26. Rxa4 Bg7 27. Rxa8+ Bxa8 28.
Na4 Qa7 29. Qc2 Nf4 30. b6 Qa5+ 31. Kd1 Bb7 32. Rh2 Qe5 33. Nb2 Qd4+ 34. Kc1
Qe3+ 35. Kb1 Bxe4 36. Bd3 Nxd3 37. b7 Qg1+ 38. Ka2 Bd5+ 0-1

[Event "79th ch-ESP 2014"]
[Site "Linares ESP"]
[Date "2014.09.01"]
[Round "8.8"]
[White "Fernandez Garcia, Jose Miguel"]
[Black "Arizmendi Martinez, Julen Luis"]
[Result "1/2-1/2"]
[WhiteTitle "FM"]
[BlackTitle "GM"]
[WhiteElo "2353"]
[BlackElo "2544"]
[WhiteFideId "22200070"]
[BlackFideId "2205092"]
[EventDate "2014.08.25"]

1. e4 e6 2. d4 d5 3. Nc3 Be7 4. e5 b6 5. Qg4 Bf8 6. h4 Qd7 7. Bb5 c6 8. Ba4 a5
9. Bb3 h5 10. Qg3 Ne7 11. a3 Nf5 12. Qf4 Ba6 13. Nf3 c5 14. Na4 Qb5 15. Nc3 Qd7
16. Na4 Qb5 17. Nc3 Qd7 1/2-1/2

[Event "79th ch-ESP 2014"]
[Site "Linares ESP"]
[Date "2014.09.01"]
[Round "8.9"]
[White "Santos Latasa, Jaime"]
[Black "Alvarez Fernandez, Enrique"]
[Result "1-0"]
[WhiteTitle "FM"]
[BlackTitle "FM"]
[WhiteElo "2487"]
[BlackElo "2355"]
[WhiteFideId "2293307"]
[BlackFideId "2227398"]
[EventDate "2014.08.25"]

1. e4 c5 2. Nf3 d6 3. d4 cxd4 4. Nxd4 Nf6 5. Nc3 a6 6. Qd3 g6 7. Bg5 Nbd7 8.
O-O-O Bg7 9. h4 h6 10. Be3 Ng4 11. h5 Nde5 12. Qe2 Nxe3 13. Qxe3 g5 14. Be2 Nc6
15. Nb3 Na5 16. Nd4 Nc6 17. Nf5 Bxf5 18. exf5 O-O 19. Nd5 Qa5 20. Kb1 Rfe8 21.
Bc4 Ne5 22. Bb3 b5 23. Qe4 Rab8 24. f4 Nc4 25. c3 e6 26. fxe6 Rxe6 27. Qd3 gxf4
28. Bxc4 bxc4 29. Qxc4 Qc5 30. Qd3 Qf2 31. Rd2 Qg3 32. Qxg3 fxg3 33. Kc2 Rb7 34.
Rh4 Be5 35. Ra4 Ra7 36. b4 Bf6 37. Kd3 Bg5 38. Re2 Bd8 39. b5 1-0

[Event "79th ch-ESP 2014"]
[Site "Linares ESP"]
[Date "2014.09.01"]
[Round "8.10"]
[White "Navarrete Espi, Samuel"]
[Black "Alexandrova, Olga"]
[Result "0-1"]
[BlackTitle "IM"]
[WhiteElo "2245"]
[BlackElo "2424"]
[WhiteFideId "2237725"]
[BlackFideId "14102463"]
[EventDate "2014.08.25"]

1. e4 c5 2. Nf3 e6 3. d4 cxd4 4. Nxd4 a6 5. Nc3 Qc7 6. Bd3 Nf6 7. Qe2 Bd6 8.
Ndb5 axb5 9. Nxb5 Qa5+ 10. Bd2 Bb4 11. Bxb4 Qxb4+ 12. c3 Qc5 13. e5 Nd5 14. Nd6+
Kf8 15. Qf3 f5 16. Bxf5 Nf6 17. O-O-O Qxe5 18. g4 Ra4 19. b4 g5 20. Bc2 Rxa2 21.
Nxc8 Qf4+ 22. Qxf4 gxf4 23. Kb1 Ra8 24. g5 Nd5 25. Kb2 Na6 26. Nd6 Ke7 27. Nf5+
Kf7 28. c4 Nb6 29. Nd6+ Ke7 30. Kb3 Nc8 31. c5 b6 32. Nxc8+ Raxc8 33. Rd6 Nxb4
34. Rhd1 Nd5 35. R1xd5 exd5 36. Bf5 Rc7 37. Rh6 bxc5 38. Bxh7 Rc6 39. Rh5 c4+
40. Kc3 d4+ 41. Kd2 c3+ 42. Kc1 d3 43. g6 c2 44. Rd5 Rb8 0-1

[Event "79th ch-ESP 2014"]
[Site "Linares ESP"]
[Date "2014.09.01"]
[Round "8.11"]
[White "Suarez Garcia, Carlos"]
[Black "Sanchez Aller, Fernando"]
[Result "1-0"]
[WhiteTitle "FM"]
[BlackTitle "FM"]
[WhiteElo "2400"]
[BlackElo "2352"]
[WhiteFideId "22230858"]
[BlackFideId "2222892"]
[EventDate "2014.08.25"]

1. d4 Nf6 2. c4 e6 3. g3 c5 4. Nf3 cxd4 5. Nxd4 d5 6. Bg2 e5 7. Nb3 d4 8. O-O
Nc6 9. f4 e4 10. f5 a5 11. e3 Qb6 12. Nxd4 Bc5 13. Nc2 O-O 14. Nc3 Ne5 15. b3
Rd8 16. Qe2 Nf3+ 17. Bxf3 exf3 18. Qxf3 Bd7 19. Nd5 Nxd5 20. cxd5 Re8 21. Bb2
Bxe3+ 22. Nxe3 Qxe3+ 23. Qxe3 Rxe3 24. Bd4 Rd3 25. Rad1 Bxf5 26. Rxd3 Bxd3 27.
Rc1 f6 28. Bb6 Bf5 29. Rc7 Rd8 30. Rc5 Rd7 31. Bc7 a4 32. d6 Bd3 33. b4 b5 34.
Kf2 Kf7 35. Ke3 Bf1 36. Rc1 Bg2 37. Kd4 Bf3 38. Kc5 a3 39. Rc3 1-0

[Event "79th ch-ESP 2014"]
[Site "Linares ESP"]
[Date "2014.09.01"]
[Round "8.12"]
[White "Rubio Mejia, Luis Ignacio"]
[Black "Andres Gonzalez, Ivan"]
[Result "1/2-1/2"]
[WhiteTitle "IM"]
[BlackTitle "FM"]
[WhiteElo "2470"]
[BlackElo "2354"]
[WhiteFideId "2281228"]
[BlackFideId "2217783"]
[EventDate "2014.08.25"]

1. d4 Nf6 2. c4 e6 3. Nc3 c5 4. d5 exd5 5. cxd5 d6 6. Nf3 g6 7. Bf4 Bg7 8. e3
O-O 9. h3 a6 10. a4 Qb6 11. Qc1 Nbd7 12. Be2 Re8 13. Nd2 Ne5 14. Bxe5 dxe5 15.
a5 Qd8 16. e4 Bh6 17. Qd1 Bd7 18. Nc4 Qc7 19. O-O Rad8 20. Qc2 Bb5 21. Nb6 c4
22. Nxb5 axb5 23. b3 Nd7 24. Nxd7 Rxd7 25. bxc4 bxc4 26. Rfb1 Ra8 27. Qxc4 Qxc4
28. Bxc4 Bd2 29. a6 bxa6 30. Rxa6 Rxa6 31. Bxa6 Bc3 32. g3 Bd4 33. Rc1 Kf8 34.
Kg2 Rd6 35. Bb5 Rb6 36. Rb1 Ke7 37. f4 Kd6 38. Kf3 Rb8 39. h4 f5 40. exf5 gxf5
41. fxe5+ Bxe5 42. Bd3 Rxb1 43. Bxb1 Kxd5 44. Bxf5 h6 45. Kg4 1/2-1/2

[Event "79th ch-ESP 2014"]
[Site "Linares ESP"]
[Date "2014.09.01"]
[Round "8.13"]
[White "Gonzalez De La Torre, Santiago"]
[Black "Gavilan Diaz, Mario"]
[Result "0-1"]
[WhiteTitle "IM"]
[BlackTitle "FM"]
[WhiteElo "2466"]
[BlackElo "2291"]
[WhiteFideId "2221667"]
[BlackFideId "2260905"]
[EventDate "2014.08.25"]

1. e4 e6 2. d4 d5 3. Nc3 Bb4 4. e5 c5 5. a3 Bxc3+ 6. bxc3 Ne7 7. Qg4 Ng6 8. h4
h5 9. Qg3 Nc6 10. Nf3 Qa5 11. Bd2 c4 12. a4 Bd7 13. Ng5 Nce7 14. Qf3 Nf5 15. g3
Bxa4 16. Bh3 Nge7 17. O-O Qb5 18. Ra2 Qd7 19. Rfa1 b5 20. Bc1 f6 21. Nxe6 Qxe6
22. Ba3 g6 23. Re1 Nc6 24. Re2 fxe5 25. dxe5 O-O-O 26. Bd6 Rhe8 27. Bxf5 gxf5
28. Kf1 Rxd6 29. exd6 Qxe2+ 30. Qxe2 Rxe2 31. Kxe2 Kd7 32. Ke3 Kxd6 33. Kf4 d4
34. cxd4 Nb4 35. Ra1 Nxc2 36. Rh1 Nxd4 37. Kg5 c3 38. Kxh5 c2 39. Kg6 b4 0-1

[Event "79th ch-ESP 2014"]
[Site "Linares ESP"]
[Date "2014.09.01"]
[Round "8.14"]
[White "Antoli Royo, Joaquin Miguel"]
[Black "Santos Ruiz, Miguel"]
[Result "1-0"]
[WhiteTitle "IM"]
[BlackTitle "FM"]
[WhiteElo "2428"]
[BlackElo "2306"]
[WhiteFideId "2259532"]
[BlackFideId "22291482"]
[EventDate "2014.08.25"]

1. e4 e6 2. d4 d5 3. Nd2 Nc6 4. Ngf3 Nf6 5. e5 Nd7 6. Nb3 a5 7. a4 Be7 8. Bb5
Na7 9. Bd3 b6 10. O-O c5 11. c4 Bb7 12. Qe2 O-O 13. Rd1 Qc7 14. Bf4 Rac8 15.
Rac1 Bc6 16. cxd5 Bxd5 17. Nbd2 Nc6 18. Ne4 cxd4 19. Nd6 Rcd8 20. Nxd4 Nc5 21.
N4b5 Qb8 22. Bb1 f5 23. Rxd5 exd5 24. Nxf5 Qc8 25. Na7 Rxf5 26. Nxc8 Rxf4 27.
Qh5 h6 28. Nxb6 Nb4 29. g3 1-0

[Event "79th ch-ESP 2014"]
[Site "Linares ESP"]
[Date "2014.09.01"]
[Round "8.15"]
[White "Navarro Lopez-Menchero, Daniel"]
[Black "Teran Alvarez, Ismael"]
[Result "0-1"]
[WhiteTitle "FM"]
[BlackTitle "IM"]
[WhiteElo "2135"]
[BlackElo "2388"]
[WhiteFideId "2297370"]
[BlackFideId "2204177"]
[EventDate "2014.08.25"]

1. e4 e6 2. d4 d5 3. Nc3 Nf6 4. Bg5 dxe4 5. Nxe4 Be7 6. Nxf6+ Bxf6 7. Bxf6 Qxf6
8. Nf3 O-O 9. Bd3 c5 10. c3 cxd4 11. Nxd4 e5 12. Nb5 e4 13. Be2 Rd8 14. Qc2 Qg6
15. g4 Nc6 16. Rg1 Ne5 17. Nd4 Nd3+ 18. Kf1 b6 19. Rg3 Ba6 20. Kg1 Qf6 21. Bf1
Qf4 22. Rd1 Rac8 23. Qe2 g6 24. Bg2 Rxd4 25. cxd4 Rc1 26. Rxc1 Qxc1+ 27. Bf1 Nb4
28. Rc3 Qa1 29. Rc4 Qxa2 30. Qxe4 Bxc4 31. Qe8+ Kg7 32. Qe5+ Kg8 33. Qe8+ Kg7
34. Qe5+ f6 35. Qc7+ Bf7 0-1

[Event "79th ch-ESP 2014"]
[Site "Linares ESP"]
[Date "2014.09.01"]
[Round "8.16"]
[White "Escudero Manzano, Alejandro"]
[Black "Pallardo Lozoya, Jose Vicente"]
[Result "1-0"]
[BlackTitle "FM"]
[WhiteElo "2283"]
[BlackElo "2387"]
[WhiteFideId "2238004"]
[BlackFideId "2230380"]
[EventDate "2014.08.25"]

1. e4 e6 2. d4 d5 3. Nc3 Nf6 4. Bg5 dxe4 5. Nxe4 Be7 6. Bxf6 gxf6 7. Nf3 f5 8.
Ng3 c5 9. Bb5+ Bd7 10. Bxd7+ Qxd7 11. Qe2 cxd4 12. Qe5 Rg8 13. Nxd4 Nc6 14. Nxc6
Qxc6 15. O-O-O Rc8 16. c3 Qc5 17. Qe1 b5 18. Kb1 a5 19. Qd2 Rg4 20. f3 Rc4 21.
Ne2 b4 22. cxb4 Qxb4 23. Qxb4 Rxb4 24. Rd4 Rxd4 25. Nxd4 Bf6 26. Nb5 Rd8 27. Kc2
a4 28. Na3 Rc8+ 29. Kb1 Rb8 30. Nc4 Bxb2 31. Kc2 Bf6 32. Rb1 Ra8 33. Rb7 Be7 34.
Kc3 Ra6 35. Rb8+ Bd8 36. Kb4 Kd7 37. Kb5 Bc7 38. Rb7 Rd6 39. Nxd6 Kxd6 40. Kxa4
Kc6 41. Rb4 Bxh2 42. Rh4 Bg1 43. Rxh7 f6 44. Kb4 Kd5 45. Kc3 e5 46. Rd7+ Ke6 47.
Rd1 Bb6 48. Kd3 f4 49. Rb1 Bf2 50. a4 f5 51. a5 Kd5 52. Rb5+ Bc5 53. a6 e4+ 54.
Ke2 Kc6 55. Rxc5+ 1-0

[Event "79th ch-ESP 2014"]
[Site "Linares ESP"]
[Date "2014.09.01"]
[Round "8.17"]
[White "Sos Andreu, Eric"]
[Black "Rodriguez Garcia, Manuel Fco"]
[Result "1-0"]
[WhiteTitle "FM"]
[WhiteElo "2355"]
[BlackElo "2158"]
[WhiteFideId "22247017"]
[BlackFideId "2218178"]
[EventDate "2014.08.25"]

1. d4 d5 2. c4 dxc4 3. Nf3 a6 4. a4 Nf6 5. e3 e6 6. Bxc4 b6 7. O-O Bb7 8. Nc3
Nbd7 9. Qe2 Bb4 10. Bd3 c5 11. Na2 Ba5 12. e4 h6 13. Bc2 Qc7 14. Rd1 Kf8 15.
dxc5 bxc5 16. b3 Rd8 17. Bb2 Qf4 18. Bc1 Qg4 19. h3 Qh5 20. Bb2 Rg8 21. Qc4 Rc8
22. Nc1 Bc7 23. b4 g5 24. Bxf6 Nxf6 25. Qxc5+ Kg7 26. Qe3 Bf4 27. Qe2 g4 28. Ne1
Kh8 29. Ncd3 Bb8 30. Nc5 Rxc5 31. bxc5 Qe5 32. g3 gxh3 33. Ra3 h2+ 34. Kxh2 Ng4+
35. Kg2 Qxc5 36. Rb3 Qh5 37. Nf3 Nxf2 38. Kxf2 Bxg3+ 39. Ke3 Qc5+ 40. Nd4 Bf4+
41. Kf2 Qg5 42. Qf3 Bc8 43. Rh1 Be5 44. Ne2 Qd2 45. Qe3 1-0

[Event "79th ch-ESP 2014"]
[Site "Linares ESP"]
[Date "2014.09.01"]
[Round "8.18"]
[White "Aranaz Murillo, Amalia"]
[Black "Domingo Nunez, Alejandro"]
[Result "1-0"]
[WhiteTitle "WIM"]
[WhiteElo "2314"]
[BlackElo "2023"]
[WhiteFideId "22200371"]
[BlackFideId "22245561"]
[EventDate "2014.08.25"]

1. Nf3 Nf6 2. c4 g6 3. Nc3 Bg7 4. g3 O-O 5. Bg2 d6 6. d4 c6 7. O-O Qa5 8. e4 Bg4
9. h3 Bxf3 10. Bxf3 Nfd7 11. Be3 a6 12. a3 c5 13. b4 Qd8 14. Rc1 cxd4 15. Bxd4
Bxd4 16. Qxd4 Nc6 17. Qe3 a5 18. b5 Nce5 19. Be2 Rc8 20. Na4 Nc5 21. Nxc5 Rxc5
22. f4 Nd7 23. h4 Qb6 24. Rc3 Rc7 25. Qxb6 Nxb6 26. Rfc1 Rfc8 27. Kf2 Rc5 28.
Ke3 Kf8 29. Kd3 e6 30. Bf3 R8c7 31. R3c2 Ke7 32. g4 Rd7 33. Be2 Rdc7 34. g5 Rc8
35. Bf3 R8c7 36. Bg4 Rc8 37. Bh3 R8c7 38. h5 Rc8 39. Kd4 R8c7 40. Kd3 Rc8 41.
Bg2 R8c7 42. Bf3 Rd7 43. Be2 Rdc7 44. Ke3 Rc8 45. Bd3 R8c7 46. f5 exf5 47. exf5
Re5+ 48. Kf4 gxf5 49. Bxf5 Rcc5 50. Bxh7 Rxg5 51. h6 Rh5 52. Be4 Rxh6 53. Kg4
Nd7 54. Bxb7 Ne5+ 55. Kg3 Rg6+ 56. Kf2 Nd3+ 57. Ke3 Rg3+ 58. Kd4 Nxc1 59. Rxc1
Rxa3 60. Bd5 a4 61. Re1+ Kd7 62. Rf1 Ra2 63. Rxf7+ Kd8 64. b6 Rd2+ 65. Kc3 Rcxd5
66. cxd5 Rxd5 67. Rf8+ Ke7 68. b7 Kxf8 69. b8=Q+ Ke7 70. Qa7+ Ke6 71. Qxa4 Ke5
72. Qe8+ Kf5 73. Qf7+ Ke5 74. Qe7+ Kf5 75. Kc4 Rd2 76. Qh7+ Ke5 77. Qg7+ Ke4 78.
Qg6+ Ke3 79. Kc3 Rd1 80. Qh6+ Ke4 81. Qe6+ Kf3 82. Qf5+ Ke3 83. Qg5+ Kf2 84.
Qf4+ Ke2 85. Qg4+ Ke1 86. Qg2 d5 87. Kc2 1-0

[Event "79th ch-ESP 2014"]
[Site "Linares ESP"]
[Date "2014.09.01"]
[Round "8.19"]
[White "Martinez Lopez, David"]
[Black "Larino Nieto, David"]
[Result "1/2-1/2"]
[BlackTitle "GM"]
[WhiteElo "2209"]
[BlackElo "2432"]
[WhiteFideId "22235779"]
[BlackFideId "2256444"]
[EventDate "2014.08.25"]

1. e4 c6 2. c4 g6 3. d4 Bg7 4. Nc3 d6 5. Nf3 Bg4 6. Be3 Nf6 7. Bd3 Nfd7 8. Qd2
Bxf3 9. gxf3 c5 10. d5 Qa5 11. Nb5 Qxd2+ 12. Kxd2 Na6 13. Rab1 Ne5 14. Be2 Nd7
15. a3 Kd8 16. b4 b6 17. f4 Nc7 18. Nc3 e6 19. Kc2 Bxc3 20. Kxc3 exd5 21. exd5
f5 22. h4 h5 23. Rhg1 Rh6 24. Kc2 a5 25. b5 Ne8 26. Bd2 Nf8 27. Bc3 Rh7 28. Bd3
Raa7 29. Kd2 Rae7 30. Rge1 Rxe1 31. Rxe1 Re7 32. Rg1 Rf7 33. f3 Nf6 34. Re1 Ne8
35. Re2 Re7 36. Rg2 Rf7 37. Rg5 Nc7 38. Bc2 Ke7 39. Rg1 Rh7 40. Bd3 Kd8 41. Re1
Nd7 42. Re2 Rf7 43. Rg2 Nf8 44. Rg1 Ne8 45. Re1 Re7 46. Rb1 Ra7 47. Bc2 Nd7 48.
Re1 Nf8 49. Bb3 Re7 50. Rg1 Rf7 51. Kd3 Ra7 52. Rb1 Nd7 53. Bc2 Nf8 54. Bd2 Nh7
55. Kc3 Ke7 56. Kd3 Kf7 57. Bc3 Nf8 58. Ba4 Nf6 59. Re1 Ne8 1/2-1/2

[Event "79th ch-ESP 2014"]
[Site "Linares ESP"]
[Date "2014.09.01"]
[Round "8.20"]
[White "Suarez Uriel, Adrian"]
[Black "Lopez Mulet, Inigo"]
[Result "1-0"]
[WhiteElo "2292"]
[BlackElo "2193"]
[WhiteFideId "22230874"]
[BlackFideId "22235620"]
[EventDate "2014.08.25"]

1. e4 e6 2. d4 d5 3. Nc3 Nf6 4. Bg5 Bb4 5. e5 h6 6. Bc1 Ne4 7. Qg4 g6 8. Ne2 c5
9. a3 Qa5 10. axb4 Qxa1 11. Nxd5 h5 12. Nc7+ Kd7 13. Qxe4 Kxc7 14. dxc5 Bd7 15.
Qf4 Rf8 16. Nc3 Na6 17. Bd3 Nxb4 18. Qxb4 Qxc1+ 19. Ke2 Qg5 20. c6 Qxe5+ 21. Ne4
bxc6 22. f4 a5 23. Qe7 Qd5 24. Rd1 Rae8 25. Qa3 e5 26. c4 Qd4 27. Kf1 Bg4 28.
Rd2 Rd8 29. Qxa5+ Qb6 30. Qxe5+ Kc8 31. Nd6+ Rxd6 32. Qxd6 Rd8 33. Qe5 Qb4 34.
Qe3 Rd7 35. h3 Be6 36. Rc2 Re7 37. Qd2 Qc5 38. Qf2 Qb4 39. Kg1 Rd7 40. Be4 Qd6
41. c5 Qd1+ 42. Kh2 Bd5 43. Bxd5 Qxd5 44. Qe2 Kd8 45. Qa6 Ke7 46. Re2+ Kf8 47.
b4 Qd4 48. Qxc6 Qxf4+ 49. g3 Qc4 50. Qe4 Rd4 51. Qe5 Kg8 52. c6 Rd1 53. Qe4 Qc1
54. h4 Kh7 55. b5 Qc5 56. Qg2 Qxb5 57. c7 Qd7 58. Rc2 Qc8 59. Qc6 Rd3 60. Qb5
Rf3 61. Qd5 Rf1 62. Kg2 Ra1 63. Qxf7+ Kh6 64. Qf6 Rb1 65. Kh2 Qa8 66. Qc6 Qc8
67. Qd5 Kh7 68. Rf2 Qe8 69. Qf7+ Qxf7 70. Rxf7+ Kg8 71. Rd7 1-0

[Event "79th ch-ESP 2014"]
[Site "Linares ESP"]
[Date "2014.09.01"]
[Round "8.21"]
[White "Trigo Urquijo, Sergio"]
[Black "Saenz Narciso, Miguel Angel"]
[Result "1-0"]
[WhiteElo "2274"]
[BlackElo "2192"]
[WhiteFideId "2262436"]
[BlackFideId "2251256"]
[EventDate "2014.08.25"]

1. d4 Nf6 2. c4 c5 3. d5 b5 4. cxb5 a6 5. bxa6 g6 6. Nc3 Bxa6 7. e4 Bxf1 8. Kxf1
d6 9. Nf3 Bg7 10. g3 O-O 11. Kg2 Na6 12. Re1 Nd7 13. Qe2 Qc7 14. Bg5 Ne5 15. Nb5
Qb7 16. Na3 Nxf3 17. Qxf3 Nb4 18. Qb3 Rfb8 19. Rad1 h6 20. Bc1 Qa6 21. f4 Bxb2
22. Bxb2 Nd3 23. Rxd3 Rxb3 24. Rxb3 f6 25. Bc1 Qa4 26. Re2 Qd4 27. Bb2 Qd1 28.
Rbe3 h5 29. Nb5 Rb8 30. Nc3 Qd4 31. Kf3 g5 32. h3 g4+ 33. hxg4 hxg4+ 34. Kf2 Kg7
35. e5 fxe5 36. fxe5 dxe5 37. Nb5 Rf8+ 38. Kg1 Qd1+ 39. Re1 Qd2 40. Bxe5+ Kg6
41. Bf4 Qxd5 42. Rxe7 Qxa2 43. Nc7 Qb3 44. Ne6 Rf7 45. Re8 Qc3 46. Re3 Qa1+ 47.
Kf2 c4 48. Rg8+ Kh7 49. Rxg4 Qb2+ 50. Re2 Qb6+ 51. Kf1 Qb1+ 52. Kg2 Qd1 53. Ng5+
Kg6 54. Nf3+ Kh7 55. Re5 Qc2+ 56. Kh3 Rg7 57. Ng5+ Kg6 58. Ne6+ Kf6 59. Nxg7 c3
60. Nh5+ Kf7 61. Rg7+ Kf8 62. Bh6 1-0

[Event "79th ch-ESP 2014"]
[Site "Linares ESP"]
[Date "2014.09.01"]
[Round "8.22"]
[White "Plazuelo Pascual, Juan"]
[Black "Sanchez Jerez, Emilio Miguel"]
[Result "1/2-1/2"]
[BlackTitle "FM"]
[WhiteElo "2081"]
[BlackElo "2232"]
[WhiteFideId "32059566"]
[BlackFideId "2256088"]
[EventDate "2014.08.25"]

1. d4 b6 2. e4 Bb7 3. Bd3 Nf6 4. Qe2 c5 5. d5 g6 6. c4 d6 7. f4 Bg7 8. e5 dxe5
9. fxe5 Nfd7 10. Nf3 O-O 11. O-O e6 12. Bg5 Qe8 13. Nc3 exd5 14. Nxd5 Bxd5 15.
cxd5 Nxe5 16. Rae1 Nbd7 17. Bb5 f6 18. Nxe5 Qxe5 19. Bxd7 Qxe2 20. Rxe2 fxg5 21.
g3 Bd4+ 22. Kg2 Rxf1 23. Kxf1 Rf8+ 24. Kg2 h5 25. b3 g4 26. Re8 Kf7 27. Rxf8+
Kxf8 28. Bb5 Ke7 29. d6+ Kxd6 30. Be8 g5 31. Bxh5 b5 32. Bxg4 c4 33. bxc4 bxc4
34. Kf1 Kc5 35. Ke2 Kb4 36. Kd2 Ka3 37. Kc2 Be5 38. Be6 Kb4 39. h4 gxh4 1/2-1/2

[Event "79th ch-ESP 2014"]
[Site "Linares ESP"]
[Date "2014.09.01"]
[Round "8.23"]
[White "Silva Rodriguez, Fernando"]
[Black "Tierraseca Montero, Pablo"]
[Result "1/2-1/2"]
[WhiteElo "2217"]
[BlackElo "2143"]
[WhiteFideId "2215268"]
[BlackFideId "2261065"]
[EventDate "2014.08.25"]

1. d4 d5 2. c4 c6 3. Nc3 Nf6 4. e3 e6 5. Nf3 Be7 6. Qc2 Nbd7 7. Bd3 dxc4 8. Bxc4
c5 9. O-O cxd4 10. Nxd4 O-O 11. Rd1 a6 12. a4 Qc7 13. Ba2 b6 14. Qe2 Bb7 15. Bd2
Rac8 16. Rac1 Qb8 17. Be1 Rfd8 18. f3 Bd6 19. f4 Nc5 20. Bh4 Ncd7 21. Bc4 a5 22.
Ba2 Bc5 23. Rc2 Be7 24. Rcd2 Nc5 25. Bb1 g6 26. Qe1 Kg7 27. h3 Nd5 28. Bxe7 Nxe7
29. Qh4 f6 30. Ba2 e5 31. fxe5 Qxe5 32. Qf4 Qxf4 33. exf4 Nc6 34. Nd5 Nxd4 35.
Rxd4 Rd6 36. Nc3 Rxd4 37. Rxd4 Re8 38. Rd6 Re1+ 39. Kh2 Rc1 40. Rxb6 Rc2 41. Bd5
Bxd5 42. Nxd5 Rd2 43. Nc3 Rd4 44. Kg3 Nxa4 45. Rb7+ Kg8 46. Nxa4 Rxa4 47. Kf3 h5
48. g3 f5 49. Ke3 Re4+ 50. Kf3 Ra4 1/2-1/2

[Event "79th ch-ESP 2014"]
[Site "Linares ESP"]
[Date "2014.09.01"]
[Round "8.25"]
[White "Sanchez Dengra, Jose Maria"]
[Black "Silva Rodriguez, Julio"]
[Result "0-1"]
[WhiteElo "2134"]
[BlackElo "2210"]
[WhiteFideId "22245391"]
[BlackFideId "2215284"]
[EventDate "2014.08.25"]

1. e4 e6 2. d4 d5 3. Nd2 Be7 4. Bd3 c5 5. Ngf3 Nf6 6. e5 Nfd7 7. c3 b6 8. O-O
Ba6 9. Ne1 Qc8 10. Qg4 g6 11. Ndf3 Nc6 12. Bg5 Qb7 13. a3 h6 14. Bxe7 Nxe7 15.
h4 c4 16. Bc2 O-O-O 17. Nd2 Kb8 18. f4 Qc6 19. Nef3 Rdg8 20. Rae1 Bb5 21. Rf2
Ba4 22. Bxa4 Qxa4 23. Nf1 Nf5 24. Ne3 Nxe3 25. Rxe3 Qd1+ 26. Re1 Qa4 27. h5 Nf8
28. Nh4 Qd7 29. Re3 gxh5 30. Qxh5 Qe7 31. Rff3 Ng6 32. Nxg6 fxg6 33. Qg4 Qf7 34.
Qh4 Rh7 35. Re2 Kc7 36. Qf6 Qe8 37. Ref2 Rf7 38. Qh4 Rh7 39. Qf6 Rf8 40. Qh4 Qf7
41. Rf1 Kd7 42. Qe1 Qf5 43. Qd1 Kc7 44. Qa4 Kb7 45. Qb4 Rd8 46. a4 Qf8 47. Rg3
Rg7 48. Qxf8 Rxf8 49. Rh3 h5 50. Rhf3 Ka6 51. Kh2 Ka5 52. Ra1 Rgf7 53. Kg3 Rf5
54. Ra2 R8f7 55. Ra1 Rf8 56. Ra2 a6 57. Ra1 R8f7 58. Ra2 g5 59. fxg5 Rxg5+ 60.
Kf2 Rfg7 61. g3 R7g6 62. Ra1 Rg4 63. Rf6 Rxf6+ 64. exf6 Rg6 65. f7 Rf6+ 66. Kg2
Rxf7 67. Rh1 Kxa4 68. Rxh5 Kb3 69. Rh6 Kxb2 70. Rxe6 Kxc3 71. Rxb6 Kd2 72. g4 c3
73. g5 c2 74. g6 Rg7 0-1

[Event "79th ch-ESP 2014"]
[Site "Linares ESP"]
[Date "2014.09.01"]
[Round "8.26"]
[White "Torres Ventosa, Pedro Eugenio"]
[Black "Perera Borrego, Mariela"]
[Result "1/2-1/2"]
[WhiteTitle "FM"]
[BlackTitle "WFM"]
[WhiteElo "2334"]
[BlackElo "2109"]
[WhiteFideId "2280663"]
[BlackFideId "22238255"]
[EventDate "2014.08.25"]

1. e4 Nc6 2. Nf3 e5 3. Bb5 Nf6 4. O-O Be7 5. Nc3 O-O 6. d3 d6 7. Bg5 a6 8. Bxf6
Bxf6 9. Ba4 h6 10. Nd5 Bg4 11. Nxf6+ Qxf6 12. Bxc6 bxc6 13. a4 Rab8 14. b3 c5
15. Re1 Bxf3 16. Qxf3 Qxf3 17. gxf3 c6 18. Kg2 Kh7 19. Kg3 Kg6 20. f4 Rfe8 21.
f5+ Kf6 22. h4 g6 23. fxg6 fxg6 24. f4 exf4+ 25. Kxf4 Rf8 26. Rg1 Ke6+ 27. Ke3
Rf6 28. Raf1 Rxf1 29. Rxf1 a5 30. Rg1 Kf6 31. Rf1+ Ke6 32. Rg1 Kf6 33. Rf1+ 1/2-1/2